000 01619pam a2200481 i 4500
005 20260322212014.0
008 data
010 _a 2015028793
020 _a9780547250250
020 _a9780547617954
020 _a0547250258
040 _aDNLM
_beng
_erda
_cDNLM
041 0 9 _aeng
042 _apcc
044 _9United States
060 0 0 _aWM 302
_bL3342r 2015
099 _aKENNER
100 1 _aLarson, Kate Clifford,
_eauthor.
245 1 0 _aRosemary :
_bthe hidden Kennedy daughter /
_cKate Clifford Larson.
264 1 _aBoston :
_bHoughton Mifflin Harcourt,
_c2015.
300 _a302 pages :
_billustrations, portraits
336 _atext
_2rdacontent
337 _aunmediated
_2rdamedia
338 _avolume
_2rdacarrier
504 _aIncludes bibliographical references and index.
505 0 _aA home birth -- The making of a mother -- Slipping behind --Five schools -- Brief haven in England -- War on the Kennedy home front -- November 1941 -- Rosemary gone -- Rosemary made the difference.
600 1 2 _aKennedy, Rosemary,
_d1918-2005.
600 3 2 _aKennedy family.
650 1 2 _aIntellectual Disability
650 2 2 _aMentally Disabled Persons
650 2 2 _aFamily Relations
650 2 2 _aPsychosurgery
650 2 2 _aInstitutionalization
650 2 2 _aHistory, 20th Century
651 2 _aUnited States
655 2 _aBiography
963 _aJohn Abbott; phone: 617-351-1289; email: [email protected]; bc: [email protected]
992 _pP1
_eEF
_a20151109
993 _aBCF
_b20151109
994 _aCDN
_b20151109
996 _arev. CIP
_b20151109
001 data
999 _c311
_d311